00953nam a2200205 a 450000100100000000500170001000800410002704000250006808200160009310000280010924500800013726000430021730000210026050400320028159000260031370000260033995201800036595201850054599900170073000004900620201002061600.0190712s1992 cr r 000 0 spa d aDO-SdBNPbspacBNPHU axxxxbS684p1 aSolano, Luis Fdo97643110aPerspectivas de la formación judicial /cLuis Fdo. Solano, Carmen Blanco. aSan José, Costa Rica :bs.n.,c1992. a145 p. ;c21 cm. aBibliografía : p. 131-138 aInventariado, 2019/BT1 aCarmen, Blanco976432 001050718MOaPDbPDcHDd2019-07-12iLF1l0oxxxx S684pp49007-10r2020-06-25w2020-06-25y1zPerteneció a la biblioteca personal de la familia Reyes Duluc.ZNo se presta 001050718MOaPDbPDcHDd2019-07-12iLF1l0oxxxx S684pp49007-20r2020-06-25te.2w2020-06-25y1zPerteneció a la biblioteca personal de la familia Reyes Duluc.ZNo se presta c48494d48494